Αιώνες ακμής : κείμενο διαλέξεως του Ματθαίου Δ. Λω βασισμένο στο βιβλίο του " Αιώνες ακμής " - σύντομη ιστορία της ελληνικής εμπορικής ναυτιλίας

Αποθηκεύτηκε σε:
Λεπτομέρειες βιβλιογραφικής εγγραφής
Κύριος συγγραφέας: Λώς, Ματθαίος Δ., 1953-
Μορφή: Βιβλίο
Γλώσσα:Greek
Δημοσίευση: Αθήνα : Ακρίτας, 1989
Θέματα:
Ετικέτες: Προσθήκη ετικέτας
Δεν υπάρχουν, Καταχωρήστε ετικέτα πρώτοι!

MARC

LEADER 00000cam a2200000 i 4500
001 1/26482
008 960726s1989 gr | ||| |||| ||gre||
035 |l 10022683 
040 |a GR-MY-UA  |b gre  |e aacr 
041 0 |a gre 
082 0 |a 387.5109495 
100 1 |a Λώς, Ματθαίος Δ.,   |d 1953- 
245 1 0 |a Αιώνες ακμής :  |b κείμενο διαλέξεως του Ματθαίου Δ. Λω βασισμένο στο βιβλίο του " Αιώνες ακμής " - σύντομη ιστορία της ελληνικής εμπορικής ναυτιλίας 
260 |a Αθήνα :   |b Ακρίτας,   |c 1989 
300 |a 26 σ. 
650 0 0 |a Merchant marine  |z Greece. 
852 |a INST  |b CHIOS  |e 19960726  |h 387.5109495 ΛΩΣ  |p 005200008771  |q 005200008771  |t BK  |y 0 
852 |a INST  |b CHIOS  |e 19960726  |h 387.5109495 ΛΩΣ  |p 005200008772  |q 005200008772  |t BK  |y 0 
852 |a INST  |b CHIOS  |e 19960726  |h 387.5109495 ΛΩΣ  |p 005200008779  |q 005200008779  |t BK  |y 0 
852 |a INST  |b CHIOS  |e 19960726  |h 387.5109495 ΛΩΣ  |p 005200008780  |q 005200008780  |t BK  |y 0 
852 |a INST  |b CHIOS  |e 20020708  |h 387.5109495 ΛΩΣ  |p 005200008781  |q 005200008781  |t BK  |y 0 
852 |a INST  |b CHIOS  |e 19960726  |h 387.5109495 ΛΩΣ  |p 005200008782  |q 005200008782  |t BK  |y 0 
852 |a INST  |b CHIOS  |e 19960726  |h 387.5109495 ΛΩΣ  |p 005200008783  |q 005200008783  |t BK  |y 0 
852 |a INST  |b CHIOS  |e 19960726  |h 387.5109495 ΛΩΣ  |p 005200008784  |q 005200008784  |t BK  |y 0 
852 |a INST  |b CHIOS  |e 19960726  |h 387.5109495 ΛΩΣ  |p 005200008785  |q 005200008785  |t BK  |y 0 
852 |a INST  |b CHIOS  |e 19961031  |h 387.5109495 ΛΩΣ  |p 005200011134  |q 005200011134  |t BK  |y 0 
852 |a INST  |b CHIOS  |e 19961003  |h 387.5109495 ΛΩΣ  |p 005200011383  |q 005200011383  |t BK  |y 0 
852 |a INST  |b CHIOS  |e 19961002  |h 387.5109495 ΛΩΣ  |p 005200011390  |q 005200011390  |t BK  |y 0 
852 |a INST  |b CHIOS  |e 19961002  |h 387.5109495 ΛΩΣ  |p 005200011391  |q 005200011391  |t BK  |y 0 
852 |a INST  |b CHIOS  |e 19961002  |h 387.5109495 ΛΩΣ  |p 005200011392  |q 005200011392  |t BK  |y 0 
852 |a INST  |b CHIOS  |e 19961002  |h 387.5109495 ΛΩΣ  |p 005200011393  |q 005200011393  |t BK  |y 0 
852 |a INST  |b CHIOS  |e 19961002  |h 387.5109495 ΛΩΣ  |p 005200011394  |q 005200011394  |t BK  |y 0 
852 |a INST  |b CHIOS  |e 19961002  |h 387.5109495 ΛΩΣ  |p 005200011395  |q 005200011395  |t BK  |y 0 
852 |a INST  |b CHIOS  |e 19961002  |h 387.5109495 ΛΩΣ  |p 005200011397  |q 005200011397  |t BK  |y 0 
852 |a INST  |b CHIOS  |e 19961002  |h 387.5109495 ΛΩΣ  |p 005200011398  |q 005200011398  |t BK  |y 0 
852 |a INST  |b CHIOS  |e 19961002  |h 387.5109495 ΛΩΣ  |p 005200011399  |q 005200011399  |t BK  |y 0 
852 |a INST  |b CHIOS  |e 19961002  |h 387.5109495 ΛΩΣ  |p 005200011400  |q 005200011400  |t BK  |y 0 
852 |a INST  |b CHIOS  |e 19961002  |h 387.5109495 ΛΩΣ  |p 005200011401  |q 005200011401  |t BK  |y 0 
852 |a INST  |b CHIOS  |e 19961002  |h 387.5109495 ΛΩΣ  |p 005200011402  |q 005200011402  |t BK  |y 0 
852 |a INST  |b CHIOS  |e 19961002  |h 387.5109495 ΛΩΣ  |p 005200011403  |q 005200011403  |t BK  |y 0 
852 |a INST  |b CHIOS  |e 19961003  |h 387.5109495 ΛΩΣ  |p 005200011404  |q 005200011404  |t BK  |y 0 
852 |a INST  |b CHIOS  |e 19961003  |h 387.5109495 ΛΩΣ  |p 005200011405  |q 005200011405  |t BK  |y 0 
852 |a INST  |b CHIOS  |e 19961003  |h 387.5109495 ΛΩΣ  |p 005200011406  |q 005200011406  |t BK  |y 0 
852 |a INST  |b CHIOS  |e 19961003  |h 387.5109495 ΛΩΣ  |p 005200011407  |q 005200011407  |t BK  |y 0 
852 |a INST  |b CHIOS  |e 19961003  |h 387.5109495 ΛΩΣ  |p 005200011408  |q 005200011408  |t BK  |y 0 
852 |a INST  |b CHIOS  |e 19961003  |h 387.5109495 ΛΩΣ  |p 005200011409  |q 005200011409  |t BK  |y 0 
852 |a INST  |b CHIOS  |e 19961003  |h 387.5109495 ΛΩΣ  |p 005200011410  |q 005200011410  |t BK  |y 0 
852 |a INST  |b CHIOS  |e 19961003  |h 387.5109495 ΛΩΣ  |p 005200011411  |q 005200011411  |t BK  |y 0 
852 |a INST  |b CHIOS  |e 19961003  |h 387.5109495 ΛΩΣ  |p 005200011412  |q 005200011412  |t BK  |y 0 
852 |a INST  |b CHIOS  |e 19961003  |h 387.5109495 ΛΩΣ  |p 005200011413  |q 005200011413  |t BK  |y 0 
852 |a INST  |b CHIOS  |e 19961003  |h 387.5109495 ΛΩΣ  |p 005200011414  |q 005200011414  |t BK  |y 0 
852 |a INST  |b CHIOS  |e 19961003  |h 387.5109495 ΛΩΣ  |p 005200011415  |q 005200011415  |t BK  |y 0 
852 |a INST  |b CHIOS  |e 19961003  |h 387.5109495 ΛΩΣ  |p 005200011416  |q 005200011416  |t BK  |y 0 
852 |a INST  |b CHIOS  |e 19961003  |h 387.5109495 ΛΩΣ  |p 005200011417  |q 005200011417  |t BK  |y 0 
852 |a INST  |b CHIOS  |e 19961003  |h 387.5109495 ΛΩΣ  |p 005200011418  |q 005200011418  |t BK  |y 0 
852 |a INST  |b CHIOS  |e 19961003  |h 387.5109495 ΛΩΣ  |p 005200011419  |q 005200011419  |t BK  |y 0 
852 |a INST  |b CHIOS  |e 19961003  |h 387.5109495 ΛΩΣ  |p 005200011420  |q 005200011420  |t BK  |y 0 
852 |a INST  |b CHIOS  |e 19961003  |h 387.5109495 ΛΩΣ  |p 005200011421  |q 005200011421  |t BK  |y 0 
852 |a INST  |b CHIOS  |e 19961003  |h 387.5109495 ΛΩΣ  |p 005200011422  |q 005200011422  |t BK  |y 0 
852 |a INST  |b CHIOS  |e 19961003  |h 387.5109495 ΛΩΣ  |p 005200011423  |q 005200011423  |t BK  |y 0 
852 |a INST  |b CHIOS  |e 19961003  |h 387.5109495 ΛΩΣ  |p 005200011424  |q 005200011424  |t BK  |y 0 
852 |a INST  |b CHIOS  |e 19961003  |h 387.5109495 ΛΩΣ  |p 005200011425  |q 005200011425  |t BK  |y 0 
852 |a INST  |b CHIOS  |e 19961003  |h 387.5109495 ΛΩΣ  |p 005200011426  |q 005200011426  |t BK  |y 0 
852 |a INST  |b CHIOS  |e 19961003  |h 387.5109495 ΛΩΣ  |p 005200011427  |q 005200011427  |t BK  |y 0 
852 |a INST  |b CHIOS  |e 19961003  |h 387.5109495 ΛΩΣ  |p 005200011428  |q 005200011428  |t BK  |y 0 
852 |a INST  |b CHIOS  |e 19961003  |h 387.5109495 ΛΩΣ  |p 005200011429  |q 005200011429  |t BK  |y 0 
852 |a INST  |b CHIOS  |e 19961003  |h 387.5109495 ΛΩΣ  |p 005200011430  |q 005200011430  |t BK  |y 0 
852 |a INST  |b CHIOS  |e 19961003  |h 387.5109495 ΛΩΣ  |p 005200011431  |q 005200011431  |t BK  |y 0 
852 |a INST  |b CHIOS  |e 19961003  |h 387.5109495 ΛΩΣ  |p 005200011432  |q 005200011432  |t BK  |y 0 
852 |a INST  |b CHIOS  |e 19961003  |h 387.5109495 ΛΩΣ  |p 005200011434  |q 005200011434  |t BK  |y 0 
852 |a INST  |b CHIOS  |e 19961003  |h 387.5109495 ΛΩΣ  |p 005200011435  |q 005200011435  |t BK  |y 0 
852 |a INST  |b CHIOS  |e 19961003  |h 387.5109495 ΛΩΣ  |p 005200011436  |q 005200011436  |t BK  |y 0 
852 |a INST  |b CHIOS  |e 19961003  |h 387.5109495 ΛΩΣ  |p 005200011437  |q 005200011437  |t BK  |y 0 
852 |a INST  |b CHIOS  |e 19961003  |h 387.5109495 ΛΩΣ  |p 005200011438  |q 005200011438  |t BK  |y 0 
852 |a INST  |b CHIOS  |e 19961003  |h 387.5109495 ΛΩΣ  |p 005200011439  |q 005200011439  |t BK  |y 0 
852 |a INST  |b CHIOS  |e 19960726  |h 387.5109495 ΛΩΣ  |p 005200015752  |q 005200015752  |t BK  |y 0 
909 |a Χ  |b 019564 
909 |a Χ  |b 019567 
909 |a Χ  |b 016513 
909 |a Χ  |b 047427 
909 |a Χ  |b 047426 
909 |a Χ  |b 047425 
909 |a Χ  |b 047424 
909 |a Χ  |b 047423 
909 |a Χ  |b 047422 
909 |a Χ  |b 047446 
909 |a Χ  |b 047445 
909 |a Χ  |b 047444 
909 |a Χ  |b 047443 
909 |a Χ  |b 047442 
909 |a Χ  |b 047441 
909 |a Χ  |b 047440 
909 |a Χ  |b 047439 
909 |a Χ  |b 047438 
909 |a Χ  |b 047437 
909 |a Χ  |b 047436 
909 |a Χ  |b 047435 
909 |a Χ  |b 047434 
909 |a Χ  |b 047433 
909 |a Χ  |b 047432 
909 |a Χ  |b 047431 
909 |a Χ  |b 047430 
909 |a Χ  |b 047429 
909 |a Χ  |b 047428 
909 |a Χ  |b 047466 
909 |a Χ  |b 047465 
909 |a Χ  |b 047464 
909 |a Χ  |b 047463 
909 |a Χ  |b 047462 
909 |a Χ  |b 047461 
909 |a Χ  |b 047460 
909 |a Χ  |b 047459 
909 |a Χ  |b 047458 
909 |a Χ  |b 047457 
909 |a Χ  |b 047456 
909 |a Χ  |b 047455 
909 |a Χ  |b 047454 
909 |a Χ  |b 047453 
909 |a Χ  |b 047452 
909 |a Χ  |b 047451 
909 |a Χ  |b 047450 
909 |a Χ  |b 047449 
909 |a Χ  |b 047448 
909 |a Χ  |b 047447 
909 |a Χ  |b 047470 
909 |a Χ  |b 047469 
909 |a Χ  |b 047468 
909 |a Χ  |b 047421 
909 |a Χ  |b 019563 
909 |a Χ  |b 016514 
909 |a Χ  |b 016515 
909 |a Χ  |b 019560 
909 |a Χ  |b 019566 
909 |a Χ  |b 019561 
909 |a Χ  |b 019567 
909 |a Χ  |b 019562 
909 |a Χ  |b 019564